00301nam a2200121 a 4500008004100000050001800041100002100059245002300080246002200103260003200125300001300157350000900170120416s1977 ||||||||||||||||| || u aHF 5415.3 Rey aReynolds, Fred D10aConsumer behaviour aFred D. Reynoldss aNew YorkbMcGraw-Hillc1977 ax, 422p. a0.00